000 00745cam a2200217Ia 4500
999 _c7118
_d7118
001 26676449
003 OCoLC
005 20190122191936.0
008 920928s1950 nyu 000 0 eng d
020 _a0060668903
040 _aOZA
_cOZA
_dCFT
_dCDC
082 _a226.1
_bR649h
092 _a226.1
_bR648H
100 1 _aRobertson, A. T.,
_d1863-1934
245 1 2 _aA Harmony of the Gospels for students of the life of Christ :
_bbased on the Broadus Harmony in the revised version /
_cby A. T. Robertson
260 _aNew York :
_bHarper & Row,
_cc1950
300 _axxxvii, 304 p. ;
_c21 cm
630 0 0 _aBible.
_pGospels
_xHarmonies
700 1 1 _aBroadus, John Albert,
_d1827-1895.
_tHarmony of the Gospels in the Revised Version
942 _2ddc
_cBK